Stochastic processes and related topics

Saved in:
Bibliographic Details
Other Authors: Engelbert, Hans Jurgen (Editor), Follmer, Hans (Editor), Zabczyk, Jerzy (Editor)
Format: Book
Language:English
Published: Australia : Gordon and Breach Publishers, c1996
Series:Stochastics monographs ; ; 10
Subjects:
Tags: Add Tag
No Tags, Be the first to tag this record!

MARC

LEADER 00000nam a2200000 i 4500
001 1/75448
008 990512s1996 eng d
020 |a 2-88449-069-8 
035 |l 10049341 
040 |a GR-MY-UA  |b gre  |e aacr 
041 0 |a eng 
082 0 |a 519.2 
245 1 0 |a Stochastic processes and related topics /  |c edited by Hans-Jurgen Engelbert, Hans Follmer, Jerzy Zabczyk 
260 |a Australia :   |b Gordon and Breach Publishers,   |c c1996 
300 |a x, 171 p.;  |b ill.;  |c 24 cm. 
490 1 |a Stochastics monographs  |v ; 10 
500 |a "Based on lectures given at the 10th Winter School on stochastic Processes and their Applications, held in Siegmundsberg, Germany, 13-19 March, 1994" 
500 |a Includes bibliographical references and index 
650 0 0 |a Stochastic processes  |x Congresses. 
700 1 |a Engelbert, Hans Jurgen.  |4 edt 
700 1 |a Follmer, Hans.  |4 edt 
700 1 |a Zabczyk, Jerzy.  |4 edt 
830 0 |a Stochastics monographs ;  |v ; 10 
852 |a INST  |b SAMOS  |e 19990512  |h 519.2 STO  |p 005300014466  |q 005300014466  |t BK  |y 0 
901 |a BIBL3-1999-2 
909 |a Σ  |b 063607 
922 |a 3ΕΛΗ  |b 199901  |c ΚΠΣ  |d GLORY